| 000 | 00750cam a22002414a 4500 | ||
|---|---|---|---|
| 001 | 52623760 | ||
| 003 | OCoLC | ||
| 005 | 20150408113724.0 | ||
| 008 | 030710s2004 flua b 001 0 eng | ||
| 010 | _a2003058463 | ||
| 020 | _a1584882654 (alk. paper) | ||
| 040 |
_aDLC _cDLC _dC#P |
||
| 042 | _apcc | ||
| 050 | 0 | 0 |
_aQA274.42 _b.M65 2004 |
| 082 | 0 | 0 |
_a519.2/3 _222 |
| 100 | 1 |
_aMøller, Jesper. _94411 |
|
| 245 | 1 | 0 |
_aStatistical inference and simulation for spatial point processes / _cJesper Møller, Rasmus Plenge Waagepetersen. |
| 260 |
_aBoca Raton, Fla. _bChapman & Hall/CRC, _cc2004. |
||
| 300 |
_axv, 300 p. _bill. ; _c24 cm. |
||
| 650 |
_aPoint processes _94412 |
||
| 650 |
_aSpatial analysis (Statistics) _94413 |
||
| 942 |
_2ddc _cDVD |
||
| 999 |
_c963 _d235463 |
||